000 00683nam a2200205Ia 4500
001 277
005 20251203123023.0
008 251203t2006||||xx |||||||||||||| ||spa||
041 _aESP
082 _a739.230985
_bB22
110 _aBanco de Crédito del Perú
245 0 _aLa platería en el mensaje del arte virreinal
_b
260 _a[Lugar de publicación no identificado] :
_bFondo Pro Recuperación del Patrimonio Cultural de la Nación del Banco de Crédito del Perú,
_c2006
300 _a64 páginas :
_b fotografías ;
_c 26 cm.
_e
440 _a
_n
_v
650 _aABD
653 _aPlatería - Perú; Arte virreinal - Perú
654 _aCTP
942 _cLIB
_dJUS
_fMAT
_2ddc
_n
999 _c277
_d277